000 00616cam a2200157 i 4500
005 20251113090801.0
008 250721s2007 sy gr 000 0 ara d
082 1 4 _a189.13
_bع ب ى
100 1 _aالعبيدي, حسن مجيد
_eمؤلف.
245 1 0 _aنظرية المكان في الفلسفة الإسلامية إبن سينا إنموذجآ /
_cمؤلف.
264 3 1 _aدمشق :
_bدار نينوى للدراسات والنشر والتوزيع،
_c2007.
650 1 7 _aالفلسفة الإسلامية.
650 1 7 _aفلسفة ابن سينا.
942 _2ddc
_cBK
999 _c122130
_d122130